000 01414cam a2200265 4500500
005 20260322002437.0
041 _afre
042 _adc
100 1 0 _aDussuet, Annie
_eauthor
700 1 0 _aLedoux, Clémence
_eauthor
245 0 0 _aThe role of relatives in French home care assistance plans
260 _c2023.
500 _a85
520 _aThis text examines the historical evolution of scientific research models, from Enlightenment-based fundamental research to contemporary participatory research. Each period addresses specific societal challenges: understanding the world, solving problems, technological innovation, or social transformation. In response to current ecological and democratic crises, it argues for a scientific continuum based on the complementarity of knowledge, integrating citizens and researchers to build sustainable and just solutions.
690 _aaide à domicile
690 _aaide formelle
690 _aaide informelle
690 _aallocation personnalisée pour l’autonomie (Apa)
690 _acare
690 _ainégalités entre les sexes
690 _aperte d’autonomie des personnes âgées
690 _apolitiques publiques du vieillissement
786 0 _nInformations sociales | o 208 | 4 | 2023-05-03 | p. 100-108 | 0046-9459
856 4 1 _uhttps://shs.cairn.info/journal-informations-sociales-2022-4-page-100?lang=en&redirect-ssocas=7080
999 _c1723532
_d1723532